Welcome to WEB OPAC of MRSPTU Central Library

Inorganic Chemistry : principles of structure and reactivity (Record no. 2918)

MARC details
000 -LEADER
fixed length control field 00424nam a2200169Ia 4500
008 - FIXED-LENGTH DATA ELEMENTS--GENERAL INFORMATION
fixed length control field 230711s9999||||xx |||||||||||||| ||und||
041 ## - LANGUAGE CODE
Language code of text/sound track or separate title ENG
082 ## - DEWEY DECIMAL CLASSIFICATION NUMBER
Classification number 546
Item number HV-I
100 ## - MAIN ENTRY--PERSONAL NAME
Personal name Huheey,James Etal
245 #0 - TITLE STATEMENT
Title Inorganic Chemistry : principles of structure and reactivity
250 ## - EDITION STATEMENT
Edition statement 4th Ed.
260 ## - PUBLICATION, DISTRIBUTION, ETC.
Date of publication, distribution, etc. 2012
Place of publication, distribution, etc. New Delhi
Name of publisher, distributor, etc. Pearson
300 ## - PHYSICAL DESCRIPTION
Extent 808
650 ## - SUBJECT ADDED ENTRY--TOPICAL TERM
Topical term or geographic name entry element Chemistry
700 ## - ADDED ENTRY--PERSONAL NAME
Personal name Keiter,Ellen A
942 ## - ADDED ENTRY ELEMENTS (KOHA)
Koha item type Book
Holdings
Withdrawn status Lost status Damaged status Not for loan Collection Home library Current library Date acquired Total checkouts Full call number Barcode Date last seen Date last checked out Price effective from Koha item type
          MRSPTU Central Library MRSPTU Central Library   1 546 HV-I 11074 12/19/2024 09/17/2024 08/17/2023 Book
          MRSPTU Central Library MRSPTU Central Library     546 HV-I 20696 08/17/2023   08/17/2023 Book
          MRSPTU Central Library MRSPTU Central Library   2 546 HV-I 20697 10/08/2024 09/13/2024 08/17/2023 Book
          MRSPTU Central Library MRSPTU Central Library   6 546 HV-I 20698 12/01/2025 11/08/2025 08/17/2023 Book
          MRSPTU Central Library MRSPTU Central Library     546 HV-I 20699 08/17/2023   08/17/2023 Book
          MRSPTU Central Library MRSPTU Central Library     546 HV-I 20700 08/17/2023   08/17/2023 Book

Website Designed and Developed by MRSPTU Central Library Team

E-mail Id: librarian@mrsptu.ac.in